000 01652nam a2200493 i 4500
001 5251
003 KOSZ 005
005 20191004142537.0
008 020718s1978 pl a f f |001 0 pol
015 _aPB 1978/10878
035 _a991018758429705066
035 _a(PL-WaBN)b15085132-48omnis_nlop
035 _ab15085132
035 _a(OCoLC)69365338
035 _a(PL)b0000001508513
035 _a(EXLNZ-48OMNIS_NETWORK)9910387841705606
040 _aWA N
_cWA N
_dKOSZ 005/HR
046 _k1972
080 _a691
080 _a(083.1)
100 1 _aJarząbek, Tadeusz.
_eAutor
245 1 0 _aMateriały budowlane mineralne i chemiczne /
_cTadeusz Jarząbek, Antoni Konkowski.
250 _aWyd. 2 zm.
260 _aWarszawa :
_bPaństwowe Wydawnictwo Ekonomiczne,
_c1978.
300 _a698, [2] s., [2] k. tabl. :
_bil., tab., 1 wykr. ;
_c21 cm.
336 _2rdacontent
_aTekst
_btxt
337 _2rdamedia
_aBez urządzeniapośredniczącego
_bn
338 _2rdacarrier
_aWolumin
_bnc
380 _aKsiążki
380 _aPublikacje fachowe
388 _a1901-2000
388 _a1945-1989
490 1 _aPoradnik Zaopatrzeniowca Branżysty
504 _aIndeks.
658 _aArchitektura i budownictwo
650 7 _aMateriały budowlane
_2DBN
655 7 _aPoradnik
_2DBN
700 1 _aKonkowski, Antoni
_eAutor
710 2 _aPaństwowe Wydawnictwo Ekonomiczne
_4pbl
830 0 _aPoradnik Zaopatrzeniowca Branżysty
856 _uhttp://koha.tu.koszalin.pl/cgi-bin/koha/opac-detail.pl?biblionumber=5251
_yKatalog online BPK
942 _2UKD
_cKS
999 _c5251
_d5251